00826nam a2200253Ia 4500003000400000005001700004006001800021007000300039008004100042037001700083040001800100041001300118082002000131100002900151245008200180260004300262300001900305500004900324650002100373700002700394942002800421999001900449952010400468OSt20220925173750.0a|||||r|||| 00| 0ta220923b |||||||| |||| 00| 0 eng d cGeneral Book aRTLcRTLbeng 2engaeng aY15.25WA.N9, N6 aJeffery Patricia9244925 0aDon't marry me to a plowmanb Women's everyday lives in rural North India  aBoulderbWestview Press c1996 aviii,294pccm. aBibliography: p 281-287; Glossary: p 277-279 aWoman Sociologyy a Jeffery Roger9244926 hY15.25WA.N9, N6cGB2CC c488999d488999 00104070aRTLbRTLd2022-09-25l0oY15.25WA.N9 N6pRT1134393r2022-09-25 00:00:00w2022-09-25yGB